000 00447cam a2200181ua 4500
001 6062
008 131114n ii |||gr||||Z||||||eng
040 _cMAIN
082 _a941
245 1 1 _aSimple History of England
_cBy K.L. Khurana
250 _a1st.ed.
260 _aAgra:
_bEducational Publishers,
_c1989.
300 _ax,419p.
653 _aHistory
653 _aSimple History of England
700 1 _aKhurana,K.L.,
_eAuthor.
942 _cBK
999 _c5215
_d5215